Bogotá : (Registro nro. 3951)
[ vista simple ]
| 000 -LEADER | |
|---|---|
| fixed length control field | 01389nam a2200265Ia 4500 |
| 003 - CONTROL NUMBER IDENTIFIER | |
| control field | OSt |
| 005 - DATE AND TIME OF LATEST TRANSACTION | |
| control field | 20201022180754.0 |
| 008 - FIXED-LENGTH DATA ELEMENTS--GENERAL INFORMATION | |
| fixed length control field | 191128t2001 ck aob gr 010 0 spa d |
| 020 ## - INTERNATIONAL STANDARD BOOK NUMBER | |
| International Standard Book Number | 9589704824 |
| 040 ## - CATALOGING SOURCE | |
| Original cataloging agency | CO-JMCR |
| Transcribing agency | CO-JMCR |
| 041 0# - LANGUAGE CODE | |
| Language code of text/sound track or separate title | spa |
| 082 04 - DEWEY DECIMAL CLASSIFICATION NUMBER | |
| Classification number | 986.142 / |
| Item number | G643b |
| Edition number | 23 |
| 100 1# - MAIN ENTRY--PERSONAL NAME | |
| Personal name | González, Bernardo, |
| Relator term | editor |
| 9 (RLIN) | 10908 |
| 245 10 - TITLE STATEMENT | |
| Title | Bogotá : |
| Remainder of title | un esfuerzo de todos / |
| Statement of responsibility, etc. | Bernardo González |
| 250 ## - EDITION STATEMENT | |
| Edition statement | Primera edición |
| 260 ## - PUBLICATION, DISTRIBUTION, ETC. | |
| Place of publication, distribution, etc. | Bogotá : |
| Name of publisher, distributor, etc. | Casa Editorial El Tiempo : Fundación Corona, |
| Date of publication, distribution, etc. | ©2001 |
| 300 ## - PHYSICAL DESCRIPTION | |
| Extent | 213 páginas : |
| Other physical details | fotografías y mapas a blanco y negro ; |
| Dimensions | 24 cm. |
| 500 ## - GENERAL NOTE | |
| General note | Incluye notas a pie de página. |
| 505 0# - FORMATTED CONTENTS NOTE | |
| Formatted contents note | Cómo opera el premio cívico Por una Bogotá mejor -- Ganadores y finalistas 1998 -- Ganadores y finalistas 1999 -- Ganadores y finalistas 2000 -- Ganadores y finalistas 2001 -- Una lupa para mirar la actividad comunitaria |
| 520 3# - SUMMARY, ETC. | |
| Summary, etc. | Compartir las experiencias alentadoras y ejemplarizantes que han sido galardonadas en el premio por una Bogotá mejor convocado desde hace cuatro años por la Casa Editorial El Tiempo y la Fundación Corona y llevar una bocanada feliz de esperanzas e ilusión |
| 586 ## - AWARDS NOTE | |
| Awards note | Premio cívico por una Bogotá mejor 1998-2001. |
| 650 14 - SUBJECT ADDED ENTRY--TOPICAL TERM | |
| Topical term or geographic name entry element | Desarrollo social |
| Form subdivision | fotografías |
| 9 (RLIN) | 4321 |
| Geographic subdivision | Bogotá (Colombia) |
| 650 14 - SUBJECT ADDED ENTRY--TOPICAL TERM | |
| Topical term or geographic name entry element | Desarrollo de la comunidad |
| Geographic subdivision | Bogotá (Colombia) |
| 9 (RLIN) | 11866 |
| 942 ## - ADDED ENTRY ELEMENTS (KOHA) | |
| Source of classification or shelving scheme | Dewey Decimal Classification |
| Koha item type | Books |
| Withdrawn status | Lost status | Source of classification or shelving scheme | Damaged status | Not for loan | Collection code | Home library | Current library | Date acquired | Source of acquisition | Total Checkouts | Full call number | Barcode | Date last seen | Date last checked out | Copy number | Koha item type |
|---|---|---|---|---|---|---|---|---|---|---|---|---|---|---|---|---|
| Dewey Decimal Classification | Non-fiction | Biblioteca Pública José María del Castillo y Rada | Biblioteca Pública José María del Castillo y Rada | 12/01/2017 | Donación | 2 | 986.142 / G643b | 201808751 | 09/19/2024 | 09/18/2024 | Ej.1 | Books |